[Event "Deutsche Blitz-Einzelmeisterschaft der Frauen 2021"]
[Site "Magdeburg"]
[Date "2021.08.01"]
[Round "6"]
[Board "8"]
[White "Ries, Jutta"]
[Black "Voicu-Jagodzinsky, Carmen"]
[Result "0-1"]
[WhiteElo "2094"]
[BlackElo "2194"]
[PlyCount "0"]
[EventDate "2021.08.01"]
[EventRounds "21"]
[EventCountry "GER"]

1. f4 {[%clk 0:03:03]} d5 {[%clk 0:03:02]} 2. Nf3 {[%clk 0:03:03]} g6 {[%clk
0:03:01]} 3. e3 {[%clk 0:03:04]} Bg7 {[%clk 0:03:03]} 4. Be2 {[%clk 0:03:03]} c5
{[%clk 0:03:04]} 5. O-O {[%clk 0:03:03]} Nc6 {[%clk 0:03:04]} 6. Bb5 {[%clk
0:02:58]} Bg4 {[%clk 0:03:03]} 7. Bxc6+ {[%clk 0:02:57]} bxc6 {[%clk 0:03:05]} 8.
d3 {[%clk 0:02:48]} e6 {[%clk 0:02:50]} 9. Nbd2 {[%clk 0:02:47]} Ne7 {[%clk
0:02:49]} 10. Qe1 {[%clk 0:02:47]} Rb8 {[%clk 0:02:48]} 11. c3 {[%clk 0:02:47]}
d4 {[%clk 0:02:39]} 12. Ne5 {[%clk 0:02:37]} dxe3 {[%clk 0:02:35]} 13. Qxe3
{[%clk 0:02:27]} Bf5 {[%clk 0:02:25]} 14. Ndc4 {[%clk 0:02:17]} h5 {[%clk
0:02:17]} 15. Qxc5 {[%clk 0:02:05]} O-O {[%clk 0:02:16]} 16. Ne3 {[%clk 0:01:40]}
Qc7 {[%clk 0:01:55]} 17. Nxf5 {[%clk 0:01:38]} Nxf5 {[%clk 0:01:49]} 18. d4
{[%clk 0:01:29]} Rb6 {[%clk 0:01:37]} 19. a4 {[%clk 0:01:26]} Rc8 {[%clk
0:01:16]} 20. b4 {[%clk 0:01:13]} Kh7 {[%clk 0:01:05]} 21. Nc4 {[%clk 0:01:08]}
Rbb8 {[%clk 0:00:56]} 22. b5 {[%clk 0:00:55]} cxb5 {[%clk 0:01:01]} 23. axb5
{[%clk 0:00:56]} Qxc5 {[%clk 0:01:01]} 24. dxc5 {[%clk 0:00:57]} Rxc5 {[%clk
0:01:03]} 25. Ne5 {[%clk 0:00:52]} Bxe5 {[%clk 0:00:58]} 26. fxe5 {[%clk
0:00:53]} Rbxb5 {[%clk 0:00:57]} 27. Rxa7 {[%clk 0:00:53]} Kg7 {[%clk 0:00:58]}
28. h3 {[%clk 0:00:38]} h4 {[%clk 0:00:59]} 29. Ba3 {[%clk 0:00:33]} Rxc3 {[%clk
0:00:54]} 30. Be7 {[%clk 0:00:28]} Rxe5 {[%clk 0:00:51]} 31. Bb4 {[%clk 0:00:16]}
Rc2 {[%clk 0:00:51]} 32. Rf2 {[%clk 0:00:13]} Ree2 {[%clk 0:00:32]} 33. Rxe2
{[%clk 0:00:12]} Rxe2 {[%clk 0:00:34]} 34. Bc3+ {[%clk 0:00:04]} e5 {[%clk
0:00:32]} 35. Ra5 {[%clk 0:00:11]} f6 {[%clk 0:00:34]} 36. Ra7+ {[%clk 0:00:12]}
Kh6 {[%clk 0:00:35]} 37. Bb4 {[%clk 0:00:03]} Ng3 {[%clk 0:00:33]} 38. Bf8+
{[%clk 0:00:11]} Kg5 {[%clk 0:00:34]} 39. Ra1 {[%clk 0:00:04]} e4 {[%clk
0:00:34]} 40. Bd6 {[%clk 0:00:09]} Nf5 {[%clk 0:00:31]} 41. Bc7 {[%clk 0:00:09]}
Ne3 {[%clk 0:00:30]} 42. Bd8 {[%clk 0:00:09]} Rxg2+ {[%clk 0:00:31]} 43. Kh1
{[%clk 0:00:10]} Rg3 {[%clk 0:00:30]} 44. Ra5+ {[%clk 0:00:11]} Nf5 {[%clk
0:00:31]} 45. Kh2 {[%clk 0:00:10]} e3 {[%clk 0:00:31]} 46. Ra2 {[%clk 0:00:11]}
Rf3 {[%clk 0:00:30]} 47. Kg1 {[%clk 0:00:11]} Ng3 {[%clk 0:00:30]} 48. Ra5+
{[%clk 0:00:00]} Rf5 {[%clk 0:00:27]} 49. Ra3 {[%clk 0:00:00]} e2 {[%clk
0:00:25]}  0-1

[Event "Deutsche Blitz-Einzelmeisterschaft der Frauen 2021"]
[Site "Magdeburg"]
[Date "2021.08.01"]
[Round "6"]
[Board "9"]
[White "Noll, Sonja"]
[Black "Hofmann, Karina"]
[Result "1-0"]
[WhiteElo "1707"]
[BlackElo "1734"]
[PlyCount "0"]
[EventDate "2021.08.01"]
[EventRounds "21"]
[EventCountry "GER"]

1. e4 {[%clk 0:03:03]} b6 {[%clk 0:03:04]} 2. Nf3 {[%clk 0:03:03]} Bb7 {[%clk
0:03:05]} 3. Nc3 {[%clk 0:03:02]} g6 {[%clk 0:03:05]} 4. Bc4 {[%clk 0:03:02]} Bg7
{[%clk 0:03:04]} 5. O-O {[%clk 0:03:01]} e6 {[%clk 0:03:02]} 6. a4 {[%clk
0:02:59]} Bxc3 {[%clk 0:02:57]} 7. bxc3 {[%clk 0:02:51]} Bxe4 {[%clk 0:02:57]} 8.
Re1 {[%clk 0:02:51]} Bxf3 {[%clk 0:02:47]} 9. Qxf3 {[%clk 0:02:43]} d5 {[%clk
0:02:48]} 10. d4 {[%clk 0:02:56]} c6 {[%clk 0:02:47]} 11. Bd3 {[%clk 0:02:53]}
Qf6 {[%clk 0:02:46]} 12. Qg3 {[%clk 0:02:44]} a5 {[%clk 0:02:18]} 13. Bf4 {[%clk
0:02:44]} Nd7 {[%clk 0:02:04]} 14. Bg5 {[%clk 0:02:44]} Qg7 {[%clk 0:01:59]} 15.
Qc7 {[%clk 0:02:40]} h6 {[%clk 0:01:46]} 16. Bf4 {[%clk 0:02:36]} Ne7 {[%clk
0:01:44]} 17. Be5 {[%clk 0:02:14]} f6 {[%clk 0:01:39]} 18. Bd6 {[%clk 0:02:08]}
O-O {[%clk 0:01:37]} 19. Rxe6 {[%clk 0:02:07]} Nf5 {[%clk 0:01:28]} 20. Bxf8
{[%clk 0:01:56]} Rxf8 {[%clk 0:01:27]} 21. Bxf5 {[%clk 0:01:51]} gxf5 {[%clk
0:01:27]} 22. Qxc6 {[%clk 0:01:42]} Kh7 {[%clk 0:01:22]} 23. Rae1 {[%clk
0:01:41]} Rg8 {[%clk 0:01:12]} 24. Re7 {[%clk 0:01:41]}  1-0

[Event "Deutsche Blitz-Einzelmeisterschaft der Frauen 2021"]
[Site "Magdeburg"]
[Date "2021.08.01"]
[Round "6"]
[Board "10"]
[White "Kosovska, Olena"]
[Black "Paehtz, Elisabeth"]
[Result "0-1"]
[WhiteElo "1965"]
[BlackElo "2410"]
[PlyCount "0"]
[EventDate "2021.08.01"]
[EventRounds "21"]
[EventCountry "GER"]

1. e4 {[%clk 0:03:03]} c5 {[%clk 0:03:04]} 2. Nc3 {[%clk 0:03:04]} Nc6 {[%clk
0:03:03]} 3. f4 {[%clk 0:03:05]} e6 {[%clk 0:03:02]} 4. Nf3 {[%clk 0:03:06]} d5
{[%clk 0:03:03]} 5. d3 {[%clk 0:03:05]} Nf6 {[%clk 0:03:02]} 6. e5 {[%clk
0:03:05]} Nd7 {[%clk 0:02:53]} 7. Be2 {[%clk 0:03:06]} Be7 {[%clk 0:02:55]} 8.
O-O {[%clk 0:03:06]} a6 {[%clk 0:02:56]} 9. Qe1 {[%clk 0:03:04]} g6 {[%clk
0:02:55]} 10. Kh1 {[%clk 0:02:54]} Qc7 {[%clk 0:02:55]} 11. a3 {[%clk 0:02:54]}
b5 {[%clk 0:02:56]} 12. Qg3 {[%clk 0:02:28]} Bb7 {[%clk 0:02:55]} 13. Bd2 {[%clk
0:02:26]} Nd4 {[%clk 0:02:53]} 14. Rac1 {[%clk 0:02:19]} Nf5 {[%clk 0:02:49]} 15.
Qf2 {[%clk 0:02:18]} h5 {[%clk 0:02:50]} 16. Na2 {[%clk 0:02:05]} h4 {[%clk
0:02:49]} 17. c4 {[%clk 0:02:05]} Ng3+ {[%clk 0:02:40]} 18. Kg1 {[%clk 0:02:00]}
Nxf1 {[%clk 0:02:40]} 19. Bxf1 {[%clk 0:02:00]} bxc4 {[%clk 0:02:34]} 20. dxc4
{[%clk 0:01:59]} d4 {[%clk 0:02:34]} 21. Bd3 {[%clk 0:01:47]} h3 {[%clk 0:02:29]}
22. g3 {[%clk 0:01:37]} a5 {[%clk 0:02:28]} 23. Be1 {[%clk 0:01:38]} a4 {[%clk
0:02:26]} 24. Rb1 {[%clk 0:01:24]} Qc6 {[%clk 0:02:26]} 25. Be2 {[%clk 0:01:15]}
g5 {[%clk 0:02:15]} 26. Kf1 {[%clk 0:00:45]} g4 {[%clk 0:01:58]} 27. Ng1 {[%clk
0:00:46]} Rg8 {[%clk 0:01:51]} 28. Bd2 {[%clk 0:00:37]} Qe4 {[%clk 0:01:42]} 29.
Re1 {[%clk 0:00:30]} Qc2 {[%clk 0:01:38]} 30. Bc1 {[%clk 0:00:15]} Bg2+ {[%clk
0:01:38]}  0-1

[Event "Deutsche Blitz-Einzelmeisterschaft der Frauen 2021"]
[Site "Magdeburg"]
[Date "2021.08.01"]
[Round "6"]
[Board "11"]
[White "Braun, Kristin"]
[Black "Schlueter, Sabrina"]
[Result "1-0"]
[WhiteElo "1846"]
[BlackElo "1790"]
[PlyCount "0"]
[EventDate "2021.08.01"]
[EventRounds "21"]
[EventCountry "GER"]

1. e4 {[%clk 0:03:04]} c6 {[%clk 0:02:55]} 2. d4 {[%clk 0:03:05]} g6 {[%clk
0:03:05]} 3. c4 {[%clk 0:03:05]} Bg7 {[%clk 0:03:06]} 4. Nc3 {[%clk 0:03:06]} d6
{[%clk 0:03:07]} 5. Nf3 {[%clk 0:03:07]} Bg4 {[%clk 0:03:08]} 6. Be2 {[%clk
0:03:06]} Nf6 {[%clk 0:03:09]} 7. O-O {[%clk 0:03:01]} O-O {[%clk 0:03:10]} 8.
Bg5 {[%clk 0:03:00]} h6 {[%clk 0:03:11]} 9. Bh4 {[%clk 0:03:01]} Nbd7 {[%clk
0:03:12]} 10. Qd2 {[%clk 0:02:53]} Bxf3 {[%clk 0:03:10]} 11. Bxf3 {[%clk
0:02:54]} Kh7 {[%clk 0:03:08]} 12. Rfe1 {[%clk 0:02:34]} e5 {[%clk 0:03:09]} 13.
d5 {[%clk 0:02:31]} c5 {[%clk 0:02:59]} 14. Rab1 {[%clk 0:02:14]} Nb6 {[%clk
0:02:52]} 15. Be2 {[%clk 0:02:14]} a6 {[%clk 0:02:41]} 16. f3 {[%clk 0:02:11]}
Qd7 {[%clk 0:02:34]} 17. Bf2 {[%clk 0:02:08]} Nh5 {[%clk 0:02:27]} 18. g3 {[%clk
0:02:02]} f5 {[%clk 0:02:17]} 19. b4 {[%clk 0:01:39]} Nc8 {[%clk 0:01:36]} 20.
bxc5 {[%clk 0:01:38]} dxc5 {[%clk 0:01:33]} 21. Bxc5 {[%clk 0:01:36]} Rf7 {[%clk
0:01:26]} 22. exf5 {[%clk 0:01:17]} gxf5 {[%clk 0:01:07]} 23. f4 {[%clk 0:01:06]}
Nf6 {[%clk 0:01:08]} 24. fxe5 {[%clk 0:01:03]} Ne4 {[%clk 0:01:01]} 25. Nxe4
{[%clk 0:01:01]} fxe4 {[%clk 0:00:59]} 26. e6 {[%clk 0:01:00]} Qc7 {[%clk
0:00:59]} 27. Qe3 {[%clk 0:00:51]} Rf6 {[%clk 0:00:46]} 28. Qxe4+ {[%clk
0:00:47]} Kh8 {[%clk 0:00:45]} 29. Bf2 {[%clk 0:00:37]} Nd6 {[%clk 0:00:45]} 30.
Qh4 {[%clk 0:00:34]} Raf8 {[%clk 0:00:45]} 31. Rf1 {[%clk 0:00:24]} Nf5 {[%clk
0:00:43]} 32. Qf4 {[%clk 0:00:32]} Qe7 {[%clk 0:00:35]} 33. c5 {[%clk 0:00:32]}
Rc8 {[%clk 0:00:13]} 34. Qd2 {[%clk 0:00:24]} Bf8 35. Bc4 {[%clk 0:00:24]}  1-0

[Event "Deutsche Blitz-Einzelmeisterschaft der Frauen 2021"]
[Site "Magdeburg"]
[Date "2021.08.01"]
[Round "7"]
[Board "1"]
[White "Schlueter, Sabrina"]
[Black "Wulf, Constanze"]
[Result "0-1"]
[WhiteElo "1790"]
[BlackElo "1817"]
[PlyCount "0"]
[EventDate "2021.08.01"]
[EventRounds "21"]
[EventCountry "GER"]

1. c4 {[%clk 0:03:03]} c5 {[%clk 0:02:57]} 2. Nc3 {[%clk 0:03:04]} Nc6 {[%clk
0:02:59]} 3. g3 {[%clk 0:03:05]} g6 {[%clk 0:02:58]} 4. Bg2 {[%clk 0:03:06]} Bg7
{[%clk 0:02:59]} 5. Nf3 {[%clk 0:03:06]} d6 {[%clk 0:02:57]} 6. O-O {[%clk
0:02:58]} e6 {[%clk 0:02:58]} 7. d3 {[%clk 0:03:07]} Nge7 {[%clk 0:02:59]} 8. Bg5
{[%clk 0:03:08]} O-O {[%clk 0:02:59]} 9. Qd2 {[%clk 0:03:09]} a6 {[%clk 0:03:00]}
10. Bh6 {[%clk 0:03:00]} Rb8 {[%clk 0:02:56]} 11. a4 {[%clk 0:03:00]} Qc7 {[%clk
0:02:46]} 12. Bxg7 {[%clk 0:03:08]} Kxg7 {[%clk 0:02:47]} 13. e3 {[%clk 0:03:00]}
b6 {[%clk 0:02:44]} 14. Ne2 {[%clk 0:02:53]} Bb7 {[%clk 0:02:39]} 15. b3 {[%clk
0:02:52]} Kg8 {[%clk 0:02:39]} 16. d4 {[%clk 0:02:44]} d5 {[%clk 0:02:23]} 17.
cxd5 {[%clk 0:02:36]} exd5 {[%clk 0:02:21]} 18. Nc3 {[%clk 0:02:28]} Na5 {[%clk
0:01:53]} 19. Qb2 {[%clk 0:02:12]} c4 {[%clk 0:01:49]} 20. bxc4 {[%clk 0:01:56]}
dxc4 {[%clk 0:01:49]} 21. Rab1 {[%clk 0:01:36]} Nb3 {[%clk 0:01:40]} 22. Nd2
{[%clk 0:01:29]} Bxg2 {[%clk 0:01:40]} 23. Kxg2 {[%clk 0:01:30]} Nxd2 {[%clk
0:01:35]} 24. Qxd2 {[%clk 0:01:31]} b5 {[%clk 0:01:24]} 25. axb5 {[%clk 0:01:27]}
axb5 {[%clk 0:01:26]} 26. Rxb5 {[%clk 0:01:23]} Rxb5 {[%clk 0:01:24]} 27. Nxb5
{[%clk 0:01:24]} Qb7+ {[%clk 0:01:15]} 28. f3 {[%clk 0:01:17]} Qxb5 {[%clk
0:01:16]} 29. e4 {[%clk 0:01:14]} Rb8 {[%clk 0:01:05]} 30. Rc1 {[%clk 0:01:10]}
Qb3 {[%clk 0:00:56]} 31. d5 {[%clk 0:00:53]} Ra8 {[%clk 0:00:40]} 32. Rc2 {[%clk
0:00:52]} Rd8 {[%clk 0:00:29]} 33. Rc3 {[%clk 0:00:33]} Qb4 {[%clk 0:00:21]} 34.
Qc2 {[%clk 0:00:32]} Rc8 {[%clk 0:00:24]} 35. f4 {[%clk 0:00:21]} Qc5 {[%clk
0:00:18]} 36. h3 {[%clk 0:00:14]} Qd4 {[%clk 0:00:20]} 37. g4 {[%clk 0:00:08]}
Kf8 {[%clk 0:00:20]} 38. Kf3 {[%clk 0:00:06]} Kg8 {[%clk 0:00:17]} 39. h4 {[%clk
0:00:06]} Rc5 {[%clk 0:00:15]} 40. Kg2 {[%clk 0:00:05]} Nc8 {[%clk 0:00:15]} 41.
Ra3 Nd6 {[%clk 0:00:15]} 42. Ra8+ Kg7 {[%clk 0:00:15]} 43. Qa2  0-1

[Event "Deutsche Blitz-Einzelmeisterschaft der Frauen 2021"]
[Site "Magdeburg"]
[Date "2021.08.01"]
[Round "7"]
[Board "2"]
[White "Paehtz, Elisabeth"]
[Black "Braun, Kristin"]
[Result "1-0"]
[WhiteElo "2410"]
[BlackElo "1846"]
[PlyCount "0"]
[EventDate "2021.08.01"]
[EventRounds "21"]
[EventCountry "GER"]

1. d4 {[%clk 0:03:03]} Nf6 {[%clk 0:03:04]} 2. Nf3 {[%clk 0:03:04]} g6 {[%clk
0:03:05]} 3. Bg5 {[%clk 0:03:04]} Bg7 {[%clk 0:03:06]} 4. Nbd2 {[%clk 0:03:05]}
O-O {[%clk 0:03:05]} 5. c3 {[%clk 0:03:06]} d5 {[%clk 0:02:54]} 6. e3 {[%clk
0:03:06]} Nc6 {[%clk 0:02:49]} 7. Bb5 {[%clk 0:03:05]} a6 {[%clk 0:02:41]} 8.
Bxc6 {[%clk 0:03:05]} bxc6 {[%clk 0:02:42]} 9. Qa4 {[%clk 0:03:04]} Bd7 {[%clk
0:02:38]} 10. Qa3 {[%clk 0:03:05]} Bf5 {[%clk 0:02:11]} 11. Ne5 {[%clk 0:03:01]}
Qe8 {[%clk 0:01:26]} 12. Nb3 {[%clk 0:03:00]} h6 {[%clk 0:01:20]} 13. Bh4 {[%clk
0:02:54]} g5 {[%clk 0:01:18]} 14. Bg3 {[%clk 0:02:54]} Ne4 {[%clk 0:01:16]} 15.
Nc5 {[%clk 0:02:47]} f6 {[%clk 0:00:59]} 16. Ned3 {[%clk 0:02:33]} Nxc5 {[%clk
0:00:50]} 17. Nxc5 {[%clk 0:02:33]} e5 {[%clk 0:00:50]} 18. Qa5 {[%clk 0:02:20]}
h5 {[%clk 0:00:47]} 19. h4 {[%clk 0:02:20]} g4 {[%clk 0:00:47]} 20. O-O {[%clk
0:02:19]} Qb8 {[%clk 0:00:42]} 21. b3 {[%clk 0:02:13]} Qb6 {[%clk 0:00:44]} 22.
Qa4 {[%clk 0:02:05]} e4 {[%clk 0:00:36]} 23. c4 {[%clk 0:01:59]} Rfb8 {[%clk
0:00:32]} 24. Rac1 {[%clk 0:01:57]} Qb4 {[%clk 0:00:33]} 25. Bxc7 {[%clk
0:01:52]} Qxa4 {[%clk 0:00:34]} 26. Nxa4 {[%clk 0:01:52]} Rb7 {[%clk 0:00:35]}
27. Bf4 {[%clk 0:01:50]} dxc4 {[%clk 0:00:32]} 28. Rxc4 {[%clk 0:01:49]} Bd7
{[%clk 0:00:28]} 29. Nc5 {[%clk 0:01:41]} Rba7 {[%clk 0:00:29]} 30. Nxd7 {[%clk
0:01:41]} Rxd7 {[%clk 0:00:31]} 31. Rxc6 {[%clk 0:01:32]} a5 {[%clk 0:00:31]} 32.
Rfc1 {[%clk 0:01:48]} a4 {[%clk 0:00:32]} 33. Rc8+ {[%clk 0:01:48]} Rxc8 {[%clk
0:00:24]} 34. Rxc8+ {[%clk 0:01:49]} Kh7 {[%clk 0:00:33]} 35. bxa4 {[%clk
0:01:49]} Ra7 {[%clk 0:00:34]} 36. Rc4 {[%clk 0:01:44]} Kg6 {[%clk 0:00:30]} 37.
Bd6 {[%clk 0:01:39]} Rb7 {[%clk 0:00:28]} 38. Rb4 {[%clk 0:01:38]} Ra7 {[%clk
0:00:27]} 39. Bc5 {[%clk 0:01:38]} Rc7 {[%clk 0:00:28]} 40. a5 {[%clk 0:01:37]}
f5 {[%clk 0:00:27]} 41. a6 {[%clk 0:01:35]} Rc6 {[%clk 0:00:25]} 42. a7 {[%clk
0:01:31]} Ra6 {[%clk 0:00:26]} 43. Rb6+ {[%clk 0:01:32]}  1-0

[Event "Deutsche Blitz-Einzelmeisterschaft der Frauen 2021"]
[Site "Magdeburg"]
[Date "2021.08.01"]
[Round "7"]
[Board "3"]
[White "Hofmann, Karina"]
[Black "Kosovska, Olena"]
[Result "0-1"]
[WhiteElo "1734"]
[BlackElo "1965"]
[PlyCount "0"]
[EventDate "2021.08.01"]
[EventRounds "21"]
[EventCountry "GER"]

1. f4 {[%clk 0:03:03]} d5 {[%clk 0:03:02]} 2. Nf3 {[%clk 0:03:04]} c5 {[%clk
0:03:03]} 3. e3 {[%clk 0:03:05]} Nc6 {[%clk 0:03:04]} 4. Bb5 {[%clk 0:03:06]} Nf6
{[%clk 0:03:04]} 5. b3 {[%clk 0:03:07]} e6 {[%clk 0:03:05]} 6. Ne5 {[%clk
0:03:08]} Bd7 {[%clk 0:03:05]} 7. Bxc6 {[%clk 0:02:59]} Bxc6 {[%clk 0:03:04]} 8.
Bb2 {[%clk 0:02:51]} Be7 {[%clk 0:03:04]} 9. d3 {[%clk 0:03:09]} Qc7 {[%clk
0:02:53]} 10. Nd2 {[%clk 0:03:09]} O-O {[%clk 0:02:51]} 11. Ndf3 {[%clk 0:03:10]}
b5 {[%clk 0:02:46]} 12. Qe2 {[%clk 0:03:11]} Bb7 {[%clk 0:02:35]} 13. O-O-O
{[%clk 0:03:08]} a5 {[%clk 0:02:35]} 14. g4 {[%clk 0:03:07]} a4 {[%clk 0:02:36]}
15. g5 {[%clk 0:03:08]} Ne8 {[%clk 0:02:26]} 16. h4 {[%clk 0:03:02]} axb3 {[%clk
0:02:17]} 17. axb3 {[%clk 0:03:03]} c4 {[%clk 0:02:22]} 18. dxc4 {[%clk 0:03:00]}
bxc4 {[%clk 0:02:21]} 19. bxc4 {[%clk 0:02:55]} Ba3 {[%clk 0:02:14]} 20. Bxa3
{[%clk 0:02:20]} Rxa3 {[%clk 0:02:14]} 21. Rhe1 {[%clk 0:01:59]} Qa5 {[%clk
0:02:11]} 22. Rd3 {[%clk 0:01:59]} Ra1+ {[%clk 0:02:10]} 23. Kb2 {[%clk 0:01:57]}
Ra2+ {[%clk 0:01:48]} 24. Kc1 {[%clk 0:01:58]} dxc4 {[%clk 0:01:21]} 25. Nxc4
{[%clk 0:01:59]} Qa6 {[%clk 0:01:20]} 26. Nfe5 {[%clk 0:01:47]} Bd5 {[%clk
0:01:07]} 27. Rb3 {[%clk 0:01:46]} Ra1+ {[%clk 0:01:00]} 28. Kd2 {[%clk 0:01:41]}
Rxe1 {[%clk 0:00:58]} 29. Kxe1 {[%clk 0:01:40]} f6 {[%clk 0:00:46]} 30. Nd7
{[%clk 0:01:17]} Bxc4 {[%clk 0:00:42]} 31. Rd3 {[%clk 0:01:16]} Rf7 {[%clk
0:00:35]} 32. Nc5 {[%clk 0:01:10]} Qa5+ {[%clk 0:00:29]} 33. Kf2 {[%clk 0:01:10]}
Qxc5 {[%clk 0:00:30]} 34. Qd2 {[%clk 0:01:07]} Bxd3 {[%clk 0:00:30]} 35. Qxd3
{[%clk 0:01:08]} Qd5 {[%clk 0:00:30]} 36. Qa6 {[%clk 0:01:05]} fxg5 {[%clk
0:00:27]} 37. hxg5 {[%clk 0:01:06]} e5 {[%clk 0:00:23]} 38. Qc8 {[%clk 0:01:03]}
Rf8 {[%clk 0:00:21]} 39. f5 {[%clk 0:01:03]} e4 {[%clk 0:00:14]} 40. c4 {[%clk
0:01:01]} Qxf5+ {[%clk 0:00:14]} 41. Ke2 {[%clk 0:01:02]} Qxc8 {[%clk 0:00:22]}
 0-1

[Event "Deutsche Blitz-Einzelmeisterschaft der Frauen 2021"]
[Site "Magdeburg"]
[Date "2021.08.01"]
[Round "7"]
[Board "4"]
[White "Voicu-Jagodzinsky, Carmen"]
[Black "Noll, Sonja"]
[Result "1-0"]
[WhiteElo "2194"]
[BlackElo "1707"]
[PlyCount "0"]
[EventDate "2021.08.01"]
[EventRounds "21"]
[EventCountry "GER"]

1. e4 {[%clk 0:03:03]} Nf6 {[%clk 0:03:02]} 2. e5 {[%clk 0:03:03]} Nd5 {[%clk
0:03:02]} 3. d4 {[%clk 0:03:03]} d6 {[%clk 0:03:03]} 4. c4 {[%clk 0:03:08]} Nb6
{[%clk 0:03:03]} 5. exd6 {[%clk 0:03:10]} cxd6 {[%clk 0:03:04]} 6. Nf3 {[%clk
0:03:11]} g6 {[%clk 0:03:03]} 7. Nc3 {[%clk 0:03:11]} Bg7 {[%clk 0:03:04]} 8. Be2
{[%clk 0:03:10]} O-O {[%clk 0:02:55]} 9. h3 {[%clk 0:03:11]} Nc6 {[%clk 0:03:02]}
10. O-O {[%clk 0:03:11]} Bd7 {[%clk 0:02:58]} 11. Be3 {[%clk 0:03:07]} Rc8 {[%clk
0:02:56]} 12. Qd2 {[%clk 0:03:03]} Re8 {[%clk 0:02:55]} 13. b3 {[%clk 0:03:04]}
a6 {[%clk 0:02:25]} 14. Rad1 {[%clk 0:03:00]} Na8 {[%clk 0:02:26]} 15. a4 {[%clk
0:02:58]} Nc7 {[%clk 0:02:18]} 16. d5 {[%clk 0:02:49]} Nb4 {[%clk 0:02:22]} 17.
Bd4 {[%clk 0:02:56]} e5 {[%clk 0:02:10]} 18. dxe6 {[%clk 0:02:57]} Nxe6 {[%clk
0:02:10]} 19. Bxg7 {[%clk 0:02:58]} Kxg7 {[%clk 0:02:11]} 20. Qxd6 {[%clk
0:02:53]} Nc5 {[%clk 0:01:54]} 21. Rfe1 {[%clk 0:02:36]} Nc2 {[%clk 0:01:45]} 22.
Rf1 {[%clk 0:02:19]} Rc6 {[%clk 0:01:39]} 23. Qd2 {[%clk 0:02:16]} Nb4 {[%clk
0:01:37]} 24. Qb2 {[%clk 0:02:17]} Qf6 {[%clk 0:01:31]} 25. Rd2 {[%clk 0:02:16]}
Rce6 {[%clk 0:01:25]} 26. Rfd1 {[%clk 0:02:02]} Bc6 {[%clk 0:01:23]} 27. Nd4
{[%clk 0:01:50]} Qg5 {[%clk 0:01:04]} 28. Nxc6 {[%clk 0:01:48]} Nxc6 {[%clk
0:01:01]} 29. Ne4+ {[%clk 0:01:49]} Qe5 {[%clk 0:00:52]} 30. Nxc5 {[%clk
0:02:32]} Qxb2 {[%clk 0:00:51]} 31. Nxe6+ {[%clk 0:02:32]} Rxe6 {[%clk 0:00:43]}
32. Rxb2 {[%clk 0:02:33]} Nd4 {[%clk 0:00:49]} 33. Rxd4 {[%clk 0:02:32]}  1-0

[Event "Deutsche Blitz-Einzelmeisterschaft der Frauen 2021"]
[Site "Magdeburg"]
[Date "2021.08.01"]
[Round "7"]
[Board "5"]
[White "Stangl, Anita"]
[Black "Ries, Jutta"]
[Result "0-1"]
[WhiteElo "1982"]
[BlackElo "2094"]
[PlyCount "0"]
[EventDate "2021.08.01"]
[EventRounds "21"]
[EventCountry "GER"]

1. e4 {[%clk 0:03:03]} Nf6 {[%clk 0:03:03]} 2. Nc3 {[%clk 0:03:04]} d5 {[%clk
0:03:04]} 3. e5 {[%clk 0:03:05]} Nfd7 {[%clk 0:03:05]} 4. d4 {[%clk 0:03:07]} c5
{[%clk 0:03:06]} 5. Nf3 {[%clk 0:03:07]} Nc6 {[%clk 0:03:05]} 6. dxc5 {[%clk
0:02:56]} e6 {[%clk 0:03:02]} 7. Bb5 {[%clk 0:02:52]} Bxc5 {[%clk 0:02:56]} 8.
O-O {[%clk 0:02:50]} O-O {[%clk 0:02:48]} 9. Bf4 {[%clk 0:02:42]} a6 {[%clk
0:02:49]} 10. Bd3 {[%clk 0:02:42]} f5 {[%clk 0:02:42]} 11. exf6 {[%clk 0:02:31]}
Nxf6 {[%clk 0:02:42]} 12. Ne5 {[%clk 0:02:25]} Nb4 {[%clk 0:02:23]} 13. Bg5
{[%clk 0:02:14]} Nxd3 {[%clk 0:02:19]} 14. Qxd3 {[%clk 0:02:13]} Bd6 {[%clk
0:02:15]} 15. Ng4 {[%clk 0:01:53]} Be7 {[%clk 0:02:13]} 16. Ne5 {[%clk 0:01:50]}
Nh5 {[%clk 0:01:47]} 17. Bxe7 {[%clk 0:01:42]} Qxe7 {[%clk 0:01:48]} 18. Rae1
{[%clk 0:01:34]} Nf4 {[%clk 0:01:46]} 19. Qg3 {[%clk 0:01:27]} Qf6 {[%clk
0:01:38]} 20. Ng4 {[%clk 0:01:13]} Qf5 {[%clk 0:01:39]} 21. Ne2 {[%clk 0:01:01]}
Kh8 {[%clk 0:01:32]} 22. Nxf4 {[%clk 0:00:53]} Qxf4 {[%clk 0:01:33]} 23. Qxf4
{[%clk 0:00:48]} Rxf4 {[%clk 0:01:34]} 24. Ne5 {[%clk 0:00:49]} Kg8 {[%clk
0:01:26]} 25. g3 {[%clk 0:00:50]} Rb4 {[%clk 0:01:25]} 26. b3 {[%clk 0:00:51]}
Rb6 {[%clk 0:01:26]} 27. f4 {[%clk 0:00:51]} Rd6 {[%clk 0:01:24]} 28. Rd1 {[%clk
0:00:48]} b5 {[%clk 0:01:25]} 29. Rd2 {[%clk 0:00:39]} Bb7 {[%clk 0:01:22]} 30.
Rfd1 {[%clk 0:00:40]} Rad8 {[%clk 0:01:22]} 31. Kf2 {[%clk 0:00:37]} b4 {[%clk
0:01:23]} 32. Rd4 {[%clk 0:00:37]} a5 {[%clk 0:01:24]} 33. R1d2 {[%clk 0:00:37]}
Rc8 {[%clk 0:01:15]} 34. Ke3 {[%clk 0:00:33]} Ra6 {[%clk 0:01:15]} 35. R4d3
{[%clk 0:00:30]} Ra7 {[%clk 0:01:13]} 36. Nf3 {[%clk 0:00:30]} Ba6 {[%clk
0:01:14]} 37. Rd4 {[%clk 0:00:31]} h6 {[%clk 0:01:12]} 38. Ne5 {[%clk 0:00:27]}
Rac7 {[%clk 0:01:12]} 39. a3 {[%clk 0:00:21]} Rxc2 {[%clk 0:01:10]} 40. axb4
{[%clk 0:00:22]} axb4 {[%clk 0:01:07]} 41. Rxb4 {[%clk 0:00:19]} R8c3+ {[%clk
0:01:08]} 42. Kd4 {[%clk 0:00:13]} Rxb3 {[%clk 0:00:59]} 43. Rxb3 {[%clk
0:00:09]} Rxd2+ {[%clk 0:01:00]} 44. Kc5 {[%clk 0:00:10]} Rxh2 {[%clk 0:01:00]}
45. Kd6 {[%clk 0:00:11]} Rg2 {[%clk 0:00:57]} 46. g4 {[%clk 0:00:12]} Be2 {[%clk
0:00:56]} 47. Rb8+ {[%clk 0:00:12]} Kh7 {[%clk 0:00:57]} 48. f5 {[%clk 0:00:12]}
exf5 {[%clk 0:00:49]} 49. gxf5 {[%clk 0:00:13]} h5 {[%clk 0:00:55]} 50. Nf7
{[%clk 0:00:14]} g5 {[%clk 0:00:53]} 51. Kxd5 {[%clk 0:00:13]} Kg7 {[%clk
0:00:51]} 52. Ne5 {[%clk 0:00:14]} h4 {[%clk 0:00:48]} 53. Rb7+ {[%clk 0:00:15]}
Kg8 {[%clk 0:00:47]} 54. Ke6 {[%clk 0:00:16]} Bg4 {[%clk 0:00:44]} 55. Nxg4
{[%clk 0:00:16]} Rxg4 {[%clk 0:00:44]} 56. f6 {[%clk 0:00:17]} Re4+ {[%clk
0:00:36]} 57. Kf5 {[%clk 0:00:18]} Re1 {[%clk 0:00:41]} 58. Kxg5 {[%clk 0:00:19]}
h3 {[%clk 0:00:33]} 59. Kg6 {[%clk 0:00:19]} Rg1+ {[%clk 0:00:42]} 60. Kh6 {[%clk
0:00:21]} h2 {[%clk 0:00:43]} 61. Rb8+ {[%clk 0:00:17]} Kf7 {[%clk 0:00:44]} 62.
Rb7+ {[%clk 0:00:18]} Kxf6 {[%clk 0:00:44]} 63. Rb6+ {[%clk 0:00:19]} Ke7 {[%clk
0:00:45]} 64. Rb7+ {[%clk 0:00:21]} Kd6 {[%clk 0:00:46]} 65. Rb6+ {[%clk
0:00:22]} Kc7 {[%clk 0:00:48]} 66. Rb5 {[%clk 0:00:22]} h1=Q+ {[%clk 0:00:39]}
 0-1